Κατάλογος Βιβλιοθηκών Mediterranean College

Ένα κορίτσι στο Άουσβιτς / Λογοτεχνία για νέους (Record no. 5947)

MARC details
000 -LEADER
fixed length control field 01034cam a22001934a 4500
005 - ΗΜΕΡΟΜΗΝΙΑ ΚΑΙ ΩΡΑ ΤΕΛΕΥΤΑΙΑΣ ΕΝΗΜΕΡΩΣΗΣ
Πεδίο ελέγχου 20250605164226.0
008 - FIXED-LENGTH DATA ELEMENTS--GENERAL INFORMATION
Πεδίο ελέγχου σταθερού μήκους 250528s ||||||||||||||||||||||||d
035 ## - SYSTEM CONTROL NUMBER
System control number 20866
020 ## - ISBN
ISBN 9789605940096
040 ## - ΠΗΓΗ ΚΑΤΑΛΟΓΟΓΡΑΦΗΣΗΣ
Φορέας πρωτότυπης καταλογογράφησης MC Athens Campus Library
Γλώσσα καταλογογράφησης Ελληνικά, Μοντέρνα (1453-)
Modifying agency MC Athens Campus Library
Κανόνες περιγραφικής καταλογογράφησης AACR2
245 1# - ΤΙΤΛΟΣ ΚΑΙ ΔΗΛΩΣΗ ΥΠΕΥΘΥΝΟΤΗΤΑΣ
Τίτλος Ένα κορίτσι στο Άουσβιτς / Λογοτεχνία για νέους
260 ## - PUBLICATION, DISTRIBUTION, ETC.
Name of publisher, distributor, etc. Καλέντης,
Date of publication, distribution, etc. 2016
300 ## - PHYSICAL DESCRIPTION
Extent 88
520 ## - SUMMARY, ETC.
Summary, etc. Το Ολοκαύτωμα μέσα από τα μάτια ενός παιδιού που κατάφερε να κρατήσει ζωντανή την ελπίδα. Το ημερολόγιο ενός κοριτσιού που επέζησε από το Άουσβιτς είναι η ιστορία του Ολοκαυτώματος μέσα από τα μάτια ενός παιδιού, μία χρήσιμη ανάγνωση της Ιστορίας και των τραγικών στιγμών της...
700 1# - ΠΡΟΣΘΕΤΗ ΑΝΑΓΡΑΦΗ--ΦΥΣΙΚΟ ΠΡΟΣΩΠΟ
Personal name Σέσι Φρεντιάνο
9 (RLIN) 6840
942 ## - ADDED ENTRY ELEMENTS (KOHA)
Koha item type Books
Holdings
Τύπος τεκμηρίου Βιβλιοθήκη Τρέχουσα τοποθεσία Barcode Αριθμός εισαγωγής Ημερομηνία απόκτησης Ταξιθετικό σύμβολο Αριθμός αντιτύπου Κατάσταση απόσυρσης Κατάσταση χαμένου Κατάσταση κατεστραμμένου Μη δανεισμός Σύνολο δανεισμών Ημερομηνία τελευταίας εμφάνισης Η τιμή ισχύει από
Books MC Athens Campus Library MC Athens Campus Library 9780000059468 6513 05/06/2025 FIC SES 1           05/06/2025 05/06/2025

MC Athens Campus Library
Πατησίων 94 & Κοδριγκτώνος 13, 104 34
Πελλήνης 8 & Πατησίων 107, 112 51
Τ: +30 210 8899600

MC Thessaloniki Campus Library
Ίωνος Δραγούμη 21, 54625 | Ίωνος Δραγούμη 15, 54625
Τ: +30 2310 287779 – Τ: +30 2314 440300